Advances in quantum chemistry. Volume 89 /

Bibliographic Details
Corporate Author: ScienceDirect (Online service)
Other Authors: Brändas, Erkki (Editor), Bartlett, Rodney J. (Editor)
Format: eBook
Language:English
Published: London : Academic Press, 2024.
Subjects:
Online Access:Connect to the full text of this electronic book

MARC

Tag First Indicator Second Indicator Subfields
LEADER 00000cam a22000007i 4500
001 in00005772869
005 20260327175527.2
006 m o d
007 cr |||||||||||
008 240124t20242024enk ob 001 0 eng d
040 |a SFB  |b eng  |e rda  |c SFB  |d GZM  |d OPELS  |d OCLCO  |d OCLCL 
020 |z 9780443241215  |q (hbk.) 
020 |z 044324121X  |q (hbk.) 
035 |a (OCoLC)1419067561 
050 4 |a QD462 
082 0 4 |a 541/.28  |2 23/eng/20240206 
049 |a TXAM 
245 0 0 |a Advances in quantum chemistry.  |n Volume 89 /  |c edited by Erkki J. Brändas, Rodney J. Bartlett. 
264 1 |a London :  |b Academic Press,  |c 2024. 
264 4 |c ©2024 
300 |a 1 online resource (xii, 391 pages) 
336 |a text  |b txt  |2 rdacontent 
337 |a computer  |b c  |2 rdamedia 
338 |a online resource  |b cr  |2 rdacarrier 
504 |a Includes bibliographical references at the end of each chapter and index. 
505 0 |a Preface -- Specific quantum effects in low energy neutron scattering from protons -- Scattering of e± with Al, Ni, Cu, Ag, Pt, and Au atoms including the relativistic effect at 1 eV ≤ Ei ≤1 MeV -- Chirped pulse control of Raman coherence in atoms and molecules -- The quantum mechanical non-adiabatic coupling term as friction in the formation of DH2+ -- Ultra-compact accurate wave functions for He-like isoelectronic sequences and variational calculus. IV. Spin-singlet states (1s ns)n 1S family of the helium sequence -- Solution of the Dirac-Coulomb equation using the Rayleigh-Ritz method : results for He-like atoms -- Quantum Monte Carlo method modeling hydrogen production using methane at Ni(111) : the adsorbed formyl to CO step -- Revisiting the Coulomb potential corresponding to the product of two 1s STOs by using the Laguerre functions -- Index. 
588 |a Description based on online resource; title from home page (viewed February 5, 2024). 
650 0 |a Quantum chemistry. 
650 6 |a Chimie quantique. 
655 7 |a Electronic books.  |2 local 
700 1 |a Brändas, Erkki,  |e editor. 
700 1 |a Bartlett, Rodney J.,  |e editor. 
710 2 |a ScienceDirect (Online service) 
856 4 0 |u http://proxy.library.tamu.edu/login?url=https://www.sciencedirect.com/science/bookseries/00653276/89  |z Connect to the full text of this electronic book  |t 0 
955 |a Elsevier ScienceDirect 2026-2027 
994 |a 92  |b TXA 
999 f f |i be7fb9a7-d517-4240-93c1-d09ea4d29bd0  |s b1db4973-c2d3-4284-a063-0c784251d78e  |t 0 
952 f f |a Texas A&M University  |b College Station  |c Electronic Resources  |s www_evans  |d Available Online  |t 0  |e QD462   |h Library of Congress classification 
998 f f |a QD462   |t 0  |l Available Online